Missing Word: Rock Bands Quiz Stats

 Plays Quiz Updated May 24, 2012

Support Sporcle.
Go Orange.
Score 0/20 Timer 03:00
2 Plays Today
Band Name Missing Word % Correct
________ of LeonKings
93.3%
Sex ________Pistols
90.7%
Pearl ________Jam
90.2%
The ________ StripesWhite
86.1%
My ________ RomanceChemical
84.7%
________ RoachPapa
74.1%
Stone ________ PilotsTemple
73.4%
________ LadiesBarenaked
71.3%
Bowling For ________Soup
67.6%
________ AddictionJane's
67.1%
Band Name Missing Word % Correct
________ TwentyMatchbox
64.1%
Deep ________Purple
63.8%
Bloodhound ________Gang
59%
Good ________Charlotte
52.3%
Rise ________Against
52.1%
________ BlossomsGin
47.6%
The ________ WarholsDandy
37.5%
_________ SoulCollective
30.6%
________ City SoundtrackMotion
26.1%
________ AbelSaving
20.6%

Today's Daily Dose

Missing Word
Inventors

Word Ladder
Feud Chain

Get the Picture
Domestic Movie Titles

From the Vault

Populous Countries (Asia)

by robhop

Some of these countries look a bit crowded.
Remove Ads.
Support Sporcle.
Get the best of Sporcle when you Go Orange. This ad-free experience offers more features, more stats, and more fun while also helping to support Sporcle. Thank you for becoming a member.

Show Comments

Extras

Top Quizzes Today


Score Distribution

Your Account Isn't Verified!

In order to create a playlist on Sporcle, you need to verify the email address you used during registration. Go to your Sporcle Settings to finish the process.

Report this User

Report this user for behavior that violates our Community Guidelines.

Details: